01041 2200325 4500001002100000005001500021035002000036007000300056008004100059336002100100337002300121338003800144040002200182245006500204300003100269020002200300082001400322084001600336264004400352500006900396650001100465650002700476852002000503856007600523850001200599100002600611504003400637990002200671990002200693INLIS00000000086701220211117111342 a0010-1121001093ta210708s2012 jkia gs ind d 2rdacontentateks 2rdamediaakomputer 2rdacarrierasumber sambung jaring aYOPDYOGbinderda10aTerapi bawang putih untuk kesehatan /cpenulis, Lanny Lingga a1 berkas komputer (7.2 MB) a978-602-00-3163-704223a615.8 a615.8 LAN t31aJakarta :bElex Media Komputindo,c2012 aUntuk mengakses buku ini silakan unduh aplikasi http://ijogja.id 4aTerapi 4aPengobatan tradisional8 aaplikasi iJogja40nPerpustakaan Digital iJogjauhttp://ijogja.id /publications/books/20287 aYOPDYOG0 aLanny Linggaepenulis aBibliografi : halaman 199-205 a002643-EPD/B.2017 a002644-EPD/B.2017